00660 2200241 4500001002100000005001700021008004100038020001800079035002400097082001100121090001800132100002200150245006900172250001500241260003000256300002500286500003100311650002700342850001500369980001300384985000600397999001500403YOGYA-0209000003115120090227024547.0 ind  a979-499-086-8 0010-020900000031151 a378.15 a378.15bAbr P aABRAR, Ana Nadhya aPers mahasiswa dan permasalahan operasionalnyacAna Nadhya abrar aEd.1,cet.1 aYogyakartabLibertyc1992 aviii, 126 hlmc12 cm aBibliografi : hlm. 124-126 aPerguruan tinggi, pers aYOPDYOG(B) a30-08-06 a1 a97P0089827